000 00447nam a22001697a 4500
005 20240624092028.0
008 230913b |||||||| |||| 00| 0 eng d
020 _a0471402591
082 _a005.276
_bHJE-C
100 _a Hjelm, Johan
245 _a Creating the semantic Web with RDF :/
_cJohn Hjelm
260 _aUSA:
_bWiley;
_c2001.
300 _a277 p. :
_bill;
_c24 cm.
500 _aInclude Index.
650 _aNetworking
999 _c33527
_d33527